000 00385nam a2200157Ia 4500
001 70918
008 160226s9999 xx 000 0 und d
020 _aNA
040 _cPK-LaUMT
082 _a 348.5491022
_bHAN-
245 _aHandbook of criminal statutues (bare acts)
260 _aLahore,Pakistan:
_blegal Research Centre,
_c2013
300 _avar
546 _aEN
942 _cBK
999 _c83358
_d83358